Significance of tests for petroleum products /

Bibliographic Details
Corporate Author: ASTM Committee D-2 on Petroleum Products and Lubricants
Other Authors: Boldt, Kenneth, Hall, Bobby R., 1931-
Format: Book
Language:English
Published: Philadelphia : American Society for Testing and Materials, 1977.
Series:ASTM special technical publication ; 7C.
Subjects:

MARC

Tag First Indicator Second Indicator Subfields
LEADER 00000cam a2200000 i 4500
001 in00000620366
005 20151015051646.0
008 770707s1977 paua b 00010 eng
010 |a  76029513  
020 |c $11.75 
035 |a (OCoLC)02941805 
035 |9 ACT7904AM 
040 |a DLC  |c DLC  |d TXA  |d UtOrBLW 
049 |a TXAM  |c [1187182] 
050 0 0 |a TP691  |b .A5833 1977 
082 0 |a 665/.538 
110 2 |a ASTM Committee D-2 on Petroleum Products and Lubricants. 
245 1 0 |a Significance of tests for petroleum products /  |c prepared by ASTM Committee D-2 on Petroleum Products and Lubricants ; Kenneth Boldt, B. R. Hall, editors. 
264 1 |a Philadelphia :  |b American Society for Testing and Materials,  |c 1977. 
300 |a 216 pages :  |b illustrations ;  |c 23 cm. 
336 |a text  |b txt  |2 rdacontent 
337 |a unmediated  |b n  |2 rdamedia 
338 |a volume  |b nc  |2 rdacarrier 
490 1 |a ASTM special technical publication ; 7C 
504 |a Includes bibliographical references. 
650 0 |a Petroleum  |x Testing. 
650 0 |a Petroleum products  |x Testing. 
700 1 |a Boldt, Kenneth. 
700 1 |a Hall, Bobby R.,  |d 1931- 
830 0 |a ASTM special technical publication ;  |v 7C. 
999 |a MARS 
999 f f |s a04ef8a2-9b62-3cd4-9925-54d503223650  |i c213eb6c-b9bc-365f-bc1e-040946f031f3  |t 0 
952 f f |p ric  |a Texas A&M University  |b Rellis Campus  |c Joint Library Facility  |d Remote Storage  |t 0  |e TP691 .A5833 1977  |h Library of Congress classification  |i unmediated -- volume  |m A14805613392 
998 f f |a TP691 .A5833 1977  |t 0  |l Remote Storage